| 000 | 03747 a2200421 4500 | ||
|---|---|---|---|
| 005 | 20081013150556.0 | ||
| 008 | 081013t xxu||||| |||| 00| 0 eng d | ||
| 010 | _aENG-91861 | ||
| 020 | _c360.00 | ||
| 035 | _aEN-75394 | ||
| 035 | _aB-340879-890 | ||
| 037 | _bDBAD / PUB Himalaya Publishing House | ||
| 040 |
_adpl _bEnglish |
||
| 082 | _a658.1 | ||
| 100 | _aAswathappa, K. | ||
| 245 |
_aOrganisational behaviour: _cby K. Aswathappa _btext, cases & games / |
||
| 250 | _a8th rev. ed | ||
| 260 |
_aNew Delhi _bHimalaya Publishing House _c2009 |
||
| 270 |
_aPooja Apartments, 4-=B, Murari Lal Street, Ansari Raod, Daryaganj, _bNew Delhi _e110002 |
||
| 300 |
_a604p. _c28cm(pbk) |
||
| 500 | _aIncludes index | ||
| 650 | _aOrganizational behavior | ||
| 942 |
_adpl _cEN _2ddc _h658.1 _mASW |
||
| 999 |
_c19197 _d19197 |
||